[Event "World op 51st"]
[Site "Philadelphia"]
[Date "2023.07.03"]
[Round "7"]
[White "Jacobson, Brandon"]
[Black "Zhou, Liran"]
[Result "1/2-1/2"]
[WhiteElo "2557"]
[BlackElo "2409"]
[PlyCount "98"]
[EventDate "2023.06.30"]
[EventType "swiss"]
[EventRounds "9"]
[EventCountry "USA"]
[SourceTitle "CBM 215 Extra"]
[Source "ChessBase"]
[SourceDate "2023.09.30"]
[SourceVersion "1"]
[SourceVersionDate "2023.09.30"]
[SourceQuality "1"]

1. Nf3 Nf6 2. c4 g6 3. Nc3 Bg7 4. e4 d6 5. d4 0-0 6. Be2 e5 7. 0-0 exd4 8. Nxd4 Re8 9. f3 Nc6 10. Be3 Nh5 11. Qd2 Nf4 12. Bxf4 Nxd4 13. Bd3 Be6 14. Bh6 Bh8 15. f4 f5 16. exf5 gxf5 17. Bg5 Qd7 18. Rae1 Bf7 19. h3 Bg7 20. Bh4 a6 21. Bf2 b5 22. b3 bxc4 23. Bxc4 d5 24. Rxe8+ Rxe8 25. Bxa6 c5 26. Kh1 Qa7 27. Bd3 Qa5 28. Rc1 Ra8 29. Qd1 c4 30. bxc4 dxc4 31. Bxd4 Rd8 32. Ne2 cxd3 33. Qxd3 Qxa2 34. Qe3 Re8 35. Qg3 Bg6 36. Bxg7 Kxg7 37. Rc7+ Kg8 38. Qc3 Bf7 39. Ng3 Qf2 40. Rc8 Qxf4 41. Rxe8+ Bxe8 42. Qf3 Qxf3 43. gxf3 Bg6 44. Kg2 Kf7 45. Ne2 Ke6 46. Kg3 Ke5 47. Kh4 h6 48. Kg3 Bf7 49. Nf4 Be8 1/2-1/2

[Event "Charlotte CCCSA Summer GM-A"]
[Site "Charlotte"]
[Date "2022.07.28"]
[Round "7"]
[White "Zhou, Liran"]
[Black "Mulyar, Michael A"]
[Result "1/2-1/2"]
[WhiteElo "2393"]
[BlackElo "2347"]
[PlyCount "78"]
[EventDate "2022.07.24"]
[EventType "tourn"]
[EventRounds "9"]
[EventCountry "USA"]
[EventCategory "7"]
[SourceTitle "CBM 209 Extra"]
[Source "ChessBase"]
[SourceDate "2022.09.30"]
[SourceVersion "1"]
[SourceVersionDate "2022.09.30"]
[SourceQuality "1"]

1. e4 e5 2. Nf3 Nc6 3. Bb5 a6 4. Ba4 Nf6 5. Nc3 b5 6. Bb3 Bc5 7. d3 h6 8. Nd5 d6 9. c3 Be6 10. 0-0 Bxd5 11. exd5 Ne7 12. d4 exd4 13. Nxd4 Qd7 14. Re1 0-0 15. Qf3 Bxd4 16. cxd4 Nf5 17. Be3 Rfe8 18. Bc2 Nxe3 19. fxe3 Re7 20. Bf5 Qe8 21. Rac1 Qb8 22. h3 Qb7 23. Rc6 Rae8 24. b4 Qa7 25. Kh2 a5 26. Bd3 axb4 27. Bxb5 Qa5 28. Qf1 Ra8 29. Bc4 Nxd5 30. e4 Nb6 31. Bb3 Qg5 32. e5 Qh4 33. Re2 Qxd4 34. exd6 Rxe2 35. Qxe2 cxd6 36. Qe7 Qf4+ 37. Kh1 Qf1+ 38. Kh2 Qf4+ 39. Kh1 Qf1+ 1/2-1/2

[Event "Charlotte CCCSA Summer GM-A"]
[Site "Charlotte"]
[Date "2022.07.27"]
[Round "6"]
[White "Korley, Kassa"]
[Black "Zhou, Liran"]
[Result "0-1"]
[WhiteElo "2421"]
[BlackElo "2393"]
[PlyCount "90"]
[EventDate "2022.07.24"]
[EventType "tourn"]
[EventRounds "9"]
[EventCountry "USA"]
[EventCategory "7"]
[SourceTitle "CBM 209 Extra"]
[Source "ChessBase"]
[SourceDate "2022.09.30"]
[SourceVersion "1"]
[SourceVersionDate "2022.09.30"]
[SourceQuality "1"]

1. Nf3 Nf6 2. g3 g6 3. Bg2 Bg7 4. d4 0-0 5. 0-0 d6 6. c4 Nc6 7. Nc3 a6 8. Bf4 Rb8 9. Rc1 b5 10. d5 Na5 11. c5 dxc5 12. e4 Bg4 13. e5 Nd7 14. e6 Ne5 15. Ne4 fxe6 16. Nxc5 exd5 17. Bxe5 Bxe5 18. Qe2 Bf6 19. Nxa6 Rb6 20. Nxc7 Nc4 21. Nxb5 Rxb5 22. Rxc4 dxc4 23. Qxc4+ Qd5 24. Qxg4 Qxa2 25. h4 Qxb2 26. Re1 Qc2 27. Bf1 Rb2 28. Re2 Qc8 29. Qe4 Rxe2 30. Bxe2 Qf5 31. Qe3 Rd8 32. Bc4+ Kg7 33. Kg2 e5 34. Ng5 Bxg5 35. hxg5 Rd4 36. Be2 Qe4+ 37. Qxe4 Rxe4 38. Kf3 Rb4 39. Bf1 Kf7 40. Bh3 Ke7 41. Ke3 Kd6 42. Bc8 Kd5 43. Kf3 e4+ 44. Kf4 Rb3 45. Bg4 Kd4 0-1

[Event "New York Summer GM-A"]
[Site "New York"]
[Date "2022.07.08"]
[Round "3"]
[White "Korley, Kassa"]
[Black "Zhou, Liran"]
[Result "1-0"]
[WhiteElo "2421"]
[BlackElo "2393"]
[PlyCount "85"]
[EventDate "2022.07.07"]
[EventType "tourn"]
[EventRounds "9"]
[EventCountry "USA"]
[EventCategory "8"]
[SourceTitle "CBM 209 Extra"]
[Source "ChessBase"]
[SourceDate "2022.09.30"]
[SourceVersion "1"]
[SourceVersionDate "2022.09.30"]
[SourceQuality "1"]

1. Nf3 Nf6 2. g3 e6 3. Bg2 d5 4. 0-0 c5 5. c4 d4 6. e3 Nc6 7. exd4 cxd4 8. d3 Be7 9. Re1 0-0 10. Na3 Nd7 11. Nc2 e5 12. b4 f6 13. Rb1 a5 14. a3 Nb6 15. Bd2 axb4 16. axb4 Bf5 17. b5 Na5 18. Nb4 Qd7 19. Ra1 Rfc8 20. Nxe5 fxe5 21. Rxa5 Rxa5 22. Nd5 Rxb5 23. Nxe7+ Qxe7 24. cxb5 Bxd3 25. Bf4 Bc2 26. Qxd4 exd4 27. Rxe7 Rc5 28. Rxb7 Rxb5 29. h4 h6 30. h5 Kh7 31. g4 Nd5 32. Rxb5 Nxf4 33. Rc5 Bd1 34. Be4+ Kg8 35. f3 d3 36. Kf2 Be2 37. Ke3 Ng2+ 38. Kf2 Nf4 39. Bg6 Nxg6 40. hxg6 Kf8 41. Rc7 Bd1 42. Rf7+ Ke8 43. Ke3 1-0

[Event "New York Summer GM-A"]
[Site "New York"]
[Date "2022.07.07"]
[Round "1"]
[White "Lu, Maximillian"]
[Black "Zhou, Liran"]
[Result "1-0"]
[WhiteElo "2398"]
[BlackElo "2393"]
[PlyCount "167"]
[EventDate "2022.07.07"]
[EventType "tourn"]
[EventRounds "9"]
[EventCountry "USA"]
[EventCategory "8"]
[SourceTitle "CBM 209 Extra"]
[Source "ChessBase"]
[SourceDate "2022.09.30"]
[SourceVersion "1"]
[SourceVersionDate "2022.09.30"]
[SourceQuality "1"]

1. d4 Nf6 2. c4 e6 3. Nf3 b6 4. a3 Bb7 5. Nc3 d5 6. cxd5 exd5 7. g3 Bd6 8. Bg2 0-0 9. 0-0 a6 10. Qb3 Nbd7 11. Nh4 c6 12. Nf5 Bc7 13. Re1 Re8 14. Bg5 Nf8 15. e4 Ne6 16. Bxf6 Qxf6 17. exd5 cxd5 18. Ne3 Nxd4 19. Qd1 Rad8 20. Ncxd5 Bxd5 21. Nxd5 Rxe1+ 22. Qxe1 Qe5 23. Qxe5 Bxe5 24. Re1 Bf6 25. Nxb6 Ne6 26. b4 Rd3 27. Nc4 g6 28. Bb7 Rc3 29. Re4 Nc7 30. a4 Rb3 31. Ne3 a5 32. b5 Ne6 33. Bd5 Rb1+ 34. Kg2 Nc5 35. Rc4 Be7 36. Rf4 Bg5 37. Rxf7 Bxe3 38. fxe3 Kh8 39. Ra7 Nxa4 40. Rxa5 Nb6 41. Bc6 Nc4 42. Ra8+ Kg7 43. Ra7+ Kh6 44. Kf3 Nd6 45. h4 Nxb5 46. Bxb5 Rxb5 47. g4 g5 48. h5 Rb3 49. Ra6+ Kg7 50. Ke4 Rb4+ 51. Kf5 Rb5+ 52. Ke6 h6 53. Ra7+ Kg8 54. Ra8+ Kg7 55. Ra7+ Kg8 56. e4 Rb6+ 57. Kf5 Kf8 58. Rh7 Ra6 59. e5 Kg8 60. Rb7 Kf8 61. Rb8+ Kg7 62. Rb7+ Kf8 63. Rh7 Kg8 64. Rd7 Ra4 65. Kg6 Kf8 66. Kxh6 Rxg4 67. Kg6 Rh4 68. Kxg5 Rh1 69. h6 Kg8 70. Rd8+ Kh7 71. Rd7+ Kg8 72. e6 Rg1+ 73. Kf6 Rf1+ 74. Kg6 Rg1+ 75. Kf6 Rf1+ 76. Ke7 Ra1 77. Rc7 Rd1 78. Ke8 Rd2 79. Rg7+ Kh8 80. Rg6 Kh7 81. Kf7 Rd8 82. e7 Ra8 83. Rd6 Rf8+ 84. exf8N+ 1-0

[Event "Titled Tuesday intern op 05th Jul Early"]
[Site "Chess.com INT"]
[Date "2022.07.05"]
[Round "3"]
[White "Zhou, Liran"]
[Black "Bortnyk, Olexandr"]
[Result "0-1"]
[WhiteElo "2393"]
[BlackElo "2604"]
[PlyCount "96"]
[EventDate "2022.07.05"]
[EventType "swiss (blitz)"]
[EventRounds "11"]
[EventCountry "USA"]
[SourceTitle "CBM 209 Extra"]
[Source "ChessBase"]
[SourceDate "2022.09.30"]
[SourceVersion "1"]
[SourceVersionDate "2022.09.30"]
[SourceQuality "1"]

1. e4 d6 2. d4 Nf6 3. Nc3 Nbd7 4. Nf3 e5 5. Bc4 Be7 6. 0-0 c6 7. a4 Qc7 8. h3 h6 9. Be3 g5 10. Nh2 Nf8 11. Qe2 Ne6 12. Bxe6 Bxe6 13. Rad1 a6 14. Ng4 Nxg4 15. hxg4 h5 16. gxh5 g4 17. f4 exf4 18. Rxf4 d5 19. e5 Rxh5 20. Rxg4 0-0-0 21. Rf1 Rh7 22. Qd3 Rh5 23. Qe2 c5 24. Rg8 Rxg8 25. Qxh5 cxd4 26. Bxd4 Qc4 27. Rf4 Bg5 28. Rg4 Be3+ 29. Bxe3 Qxg4 30. Qxg4 Rxg4 31. Bc5 Rc4 32. Bd6 d4 33. Ne2 Rxc2 34. Nxd4 Rxb2 35. a5 Bd5 36. Nf5 Rxg2+ 37. Kf1 Rd2 38. Ke1 Rd3 39. Bc5 Kd7 40. Ke2 Rh3 41. Nd4 Rh5 42. Bd6 f6 43. Bb8 fxe5 44. Nc2 Rh2+ 45. Kd3 Be4+ 46. Kxe4 Rxc2 47. Kxe5 Rc5+ 48. Kd4 Rxa5 0-1

[Event "Titled Tuesday intern op 05th Jul Early"]
[Site "Chess.com INT"]
[Date "2022.07.05"]
[Round "10"]
[White "Zhou, Liran"]
[Black "Cruz Mendez, Jean Marcos"]
[Result "0-1"]
[WhiteElo "2393"]
[BlackElo "2018"]
[PlyCount "54"]
[EventDate "2022.07.05"]
[EventType "swiss (blitz)"]
[EventRounds "11"]
[EventCountry "USA"]
[SourceTitle "CBM 209 Extra"]
[Source "ChessBase"]
[SourceDate "2022.09.30"]
[SourceVersion "1"]
[SourceVersionDate "2022.09.30"]
[SourceQuality "1"]

1. e4 e5 2. Nf3 Nf6 3. d4 Nxe4 4. Bd3 Nc6 5. Bxe4 d5 6. Nxe5 dxe4 7. Nxc6 bxc6 8. 0-0 Be7 9. Nc3 f5 10. Bf4 0-0 11. Qd2 Bd6 12. Rad1 Be6 13. Rfe1 Bf7 14. Qe3 Bh5 15. Rd2 Rb8 16. b3 Qf6 17. Qg3 Bxf4 18. Qxf4 Rf7 19. Na4 Re8 20. d5 g5 21. Qe3 f4 22. Qd4 Qf5 23. Nc3 e3 24. fxe3 fxe3 25. g4 Bxg4 26. Rg2 Bh3 27. Qd3 Qf2+ 0-1

[Event "Philadelphia int op 15th"]
[Site "Philadelphia"]
[Date "2022.06.27"]
[Round "6"]
[White "Zhou, Liran"]
[Black "Matviishen, Viktor"]
[Result "1/2-1/2"]
[WhiteElo "2350"]
[BlackElo "2496"]
[PlyCount "60"]
[EventDate "2022.06.24"]
[EventType "swiss"]
[EventRounds "9"]
[EventCountry "USA"]
[SourceTitle "CBM 209 Extra"]
[Source "ChessBase"]
[SourceDate "2022.09.30"]
[SourceVersion "1"]
[SourceVersionDate "2022.09.30"]
[SourceQuality "1"]

1. e4 c5 2. Nf3 d6 3. d4 cxd4 4. Nxd4 Nf6 5. Nc3 a6 6. h3 e5 7. Nde2 h5 8. Bg5 Be6 9. Bxf6 Qxf6 10. Nd5 Qd8 11. Nec3 g6 12. Bc4 Bh6 13. 0-0 0-0 14. Qd3 Nc6 15. Rad1 Rc8 16. Bb3 Nd4 17. f4 Nxb3 18. axb3 exf4 19. Nxf4 Bxf4 20. Rxf4 Qg5 21. Rf2 b5 22. Nd5 Bxd5 23. Qxd5 Qe3 24. Qd4 Qg5 25. Qb6 Qe5 26. Rd4 Rc6 27. Qxc6 Qxd4 28. Qxa6 Qd1+ 29. Kh2 Qd4 30. Kg1 Qd1+ 1/2-1/2

[Event "Oakville Elevate My Chess 02"]
[Site "Oakville"]
[Date "2020.02.22"]
[Round "7"]
[White "Zhou, Liran"]
[Black "Hua, Eugene"]
[Result "1/2-1/2"]
[WhiteElo "2307"]
[BlackElo "2298"]
[PlyCount "57"]
[EventDate "2020.02.19"]
[EventType "tourn"]
[EventRounds "9"]
[EventCountry "CAN"]
[EventCategory "3"]
[SourceTitle "CBM 195 Extra"]
[Source "ChessBase"]
[SourceDate "2020.05.31"]
[SourceVersion "1"]
[SourceVersionDate "2020.05.31"]
[SourceQuality "1"]

1. e4 c5 2. Nf3 e6 3. d4 cxd4 4. Nxd4 Nc6 5. Nc3 Qc7 6. g3 a6 7. Bg2 d6 8. 0-0 Bd7 9. Nxc6 Bxc6 10. a4 Nf6 11. Be3 Be7 12. f4 0-0 13. a5 Nd7 14. Bd4 Bf6 15. Bxf6 Nxf6 16. Qd4 Rad8 17. Qb4 d5 18. e5 d4 19. Bxc6 Qxc6 20. exf6 dxc3 21. fxg7 Kxg7 22. Qxc3+ Qxc3 23. bxc3 Rc8 24. Ra3 Rfd8 25. Rb3 Rd5 26. Rxb7 Rxc3 27. Rf2 Rxa5 28. Ra7 Rac5 29. Rxa6 1/2-1/2

[Event "Charlotte CCCSA Fall IM"]
[Site "Charlotte"]
[Date "2019.11.28"]
[Round "3"]
[White "Zhou, Liran"]
[Black "Francisco, Richard"]
[Result "1-0"]
[WhiteElo "2314"]
[BlackElo "2281"]
[PlyCount "61"]
[EventDate "2019.11.27"]
[EventType "tourn"]
[EventRounds "9"]
[EventCountry "USA"]
[EventCategory "4"]
[SourceTitle "CBM 193 Extra"]
[Source "ChessBase"]
[SourceDate "2020.01.31"]
[SourceVersion "1"]
[SourceVersionDate "2020.01.31"]
[SourceQuality "1"]

1. e4 e5 2. Nf3 Nc6 3. Bb5 a6 4. Ba4 Nf6 5. 0-0 b5 6. Bb3 Bb7 7. d3 Bd6 8. c3 h6 9. Re1 0-0 10. Nbd2 Re8 11. Nf1 Bf8 12. Ng3 d5 13. exd5 Nxd5 14. a3 Qd7 15. Ne4 Rad8 16. Bxh6 gxh6 17. Bxd5 Bg7 18. Ba2 Bc8 19. Nc5 Qd6 20. b4 Bf5 21. Nb7 Qf6 22. Nxd8 Rxd8 23. d4 exd4 24. Nxd4 Nxd4 25. cxd4 Rxd4 26. Qf3 Qg5 27. Rad1 Rf4 28. Qa8+ Kh7 29. Bxf7 Bc3 30. Re7 Rg4 31. Bg8+ 1-0

[Event "Charlotte CCCSA Fall IM"]
[Site "Charlotte"]
[Date "2019.11.27"]
[Round "1"]
[White "Zhou, Liran"]
[Black "Drozdowski, Kacper"]
[Result "1-0"]
[WhiteElo "2314"]
[BlackElo "2467"]
[PlyCount "59"]
[EventDate "2019.11.27"]
[EventType "tourn"]
[EventRounds "9"]
[EventCountry "USA"]
[EventCategory "4"]
[SourceTitle "CBM 193 Extra"]
[Source "ChessBase"]
[SourceDate "2020.01.31"]
[SourceVersion "1"]
[SourceVersionDate "2020.01.31"]
[SourceQuality "1"]

1. e4 c5 2. Nf3 a6 3. Nc3 e6 4. d4 cxd4 5. Nxd4 b5 6. g3 Bb7 7. Bg2 b4 8. Na4 Qa5 9. b3 Nf6 10. 0-0 Bxe4 11. Bxe4 Nxe4 12. Re1 Nf6 13. Bf4 Nc6 14. Nxc6 dxc6 15. Re5 Qd8 16. Qf3 Nd5 17. Rae1 Be7 18. Qg4 0-0 19. Bh6 Bf6 20. Rh5 Qe7 21. Re4 a5 22. Rc4 Rfc8 23. Nc5 Kh8 24. Qh3 Kg8 25. Rg4 g6 26. Ne4 Qd8 27. Bg5 Bxg5 28. Rxh7 Bf6 29. Qh6 Ra7 30. Rh4 1-0

[Event "New York Marshall Fall IM"]
[Site "New York"]
[Date "2019.11.16"]
[Round "6"]
[White "Allicock, Rawle Anthony"]
[Black "Zhou, Liran"]
[Result "0-1"]
[WhiteElo "2236"]
[BlackElo "2317"]
[PlyCount "58"]
[EventDate "2019.11.14"]
[EventType "tourn"]
[EventRounds "9"]
[EventCountry "USA"]
[EventCategory "3"]
[SourceTitle "CBM 193 Extra"]
[Source "ChessBase"]
[SourceDate "2020.01.31"]
[SourceVersion "1"]
[SourceVersionDate "2020.01.31"]
[SourceQuality "1"]

1. c4 Nf6 2. Nc3 g6 3. Nf3 Bg7 4. d4 0-0 5. g3 d6 6. Bg2 Nc6 7. 0-0 a6 8. b3 Rb8 9. d5 Na5 10. Bb2 b5 11. cxb5 axb5 12. Nd4 b4 13. Nb1 Bd7 14. Nd2 Nxd5 15. Bxd5 c5 16. N2f3 cxd4 17. Bxd4 e6 18. Bxg7 Kxg7 19. Be4 d5 20. Bd3 Qf6 21. Qd2 e5 22. Nh4 Rfc8 23. Rac1 Qd6 24. e3 d4 25. f4 Rc3 26. Rcd1 Qc5 27. exd4 Qxd4+ 28. Rf2 Bg4 29. f5 Rxd3 0-1

[Event "New York Marshall Fall IM"]
[Site "New York"]
[Date "2019.11.14"]
[Round "1"]
[White "Rohde, Michael A"]
[Black "Zhou, Liran"]
[Result "1/2-1/2"]
[WhiteElo "2349"]
[BlackElo "2317"]
[PlyCount "45"]
[EventDate "2019.11.14"]
[EventType "tourn"]
[EventRounds "9"]
[EventCountry "USA"]
[EventCategory "3"]
[SourceTitle "CBM 193 Extra"]
[Source "ChessBase"]
[SourceDate "2020.01.31"]
[SourceVersion "1"]
[SourceVersionDate "2020.01.31"]
[SourceQuality "1"]

1. Nf3 Nf6 2. g3 g6 3. d4 Bg7 4. Bg2 0-0 5. 0-0 d6 6. b3 Nbd7 7. Bb2 e5 8. dxe5 Ng4 9. c4 Ngxe5 10. Nc3 Nxf3+ 11. exf3 a5 12. Qd2 Nc5 13. Nd5 Be6 14. Bxg7 Kxg7 15. Qc3+ f6 16. f4 Bxd5 17. Bxd5 c6 18. Bg2 Qb6 19. Rfd1 Rad8 20. Rd2 Qb4 21. Qxb4 axb4 22. Re1 Rfe8 23. Re3 1/2-1/2

[Event "New York Marshall Fall IM"]
[Site "New York"]
[Date "2019.11.14"]
[Round "2"]
[White "Zhou, Liran"]
[Black "Nestorovic, Nikola"]
[Result "0-1"]
[WhiteElo "2317"]
[BlackElo "2469"]
[PlyCount "97"]
[EventDate "2019.11.14"]
[EventType "tourn"]
[EventRounds "9"]
[EventCountry "USA"]
[EventCategory "3"]
[SourceTitle "CBM 193 Extra"]
[Source "ChessBase"]
[SourceDate "2020.01.31"]
[SourceVersion "1"]
[SourceVersionDate "2020.01.31"]
[SourceQuality "1"]

1. e4 e5 2. Nf3 Nc6 3. Bb5 a6 4. Ba4 g6 5. c3 Bg7 6. 0-0 Nge7 7. d4 exd4 8. cxd4 b5 9. Bb3 Na5 10. Bc2 d6 11. h3 0-0 12. Nbd2 c5 13. Nb3 Nb7 14. Be3 c4 15. Nbd2 d5 16. e5 Bf5 17. Bg5 f6 18. exf6 Bxf6 19. Bxf6 Rxf6 20. Ne5 Nd6 21. Ndf3 Bxc2 22. Qxc2 Ne4 23. Nd2 Nd6 24. Rae1 Nef5 25. Ndf3 Ne4 26. Ng4 Rf8 27. Ne3 Nxe3 28. Rxe3 Qb6 29. Nd2 Nf6 30. Nf3 Ne4 31. Nd2 Nf6 32. Nf3 Rae8 33. Re5 Rxe5 34. dxe5 Nh5 35. Rd1 Nf4 36. Kh2 Nd3 37. Rxd3 cxd3 38. Qxd3 Qc5 39. Nd4 Rxf2 40. Qe3 Rf1 41. Qe2 Qc1 42. Qg4 Qf4+ 43. Qxf4 Rxf4 44. Nf3 d4 45. Kg3 Re4 46. Kf2 d3 47. Kf1 Re2 48. Ne1 Rxb2 49. Nxd3 0-1

[Event "Wch U12"]
[Site "Weifang"]
[Date "2019.08.28"]
[Round "7"]
[White "Ochirbat, Lkhagvajamts"]
[Black "Zhou, Liran"]
[Result "1/2-1/2"]
[WhiteElo "2137"]
[BlackElo "2311"]
[PlyCount "118"]
[EventDate "2019.08.21"]
[EventType "swiss"]
[EventRounds "11"]
[EventCountry "CHN"]
[SourceTitle "EXT 2020"]
[Source "ChessBase"]
[SourceDate "2019.10.17"]
[SourceVersion "1"]
[SourceVersionDate "2019.10.17"]
[SourceQuality "1"]

1. d4 Nf6 2. c4 g6 3. Nf3 Bg7 4. g3 0-0 5. Bg2 d6 6. 0-0 Nc6 7. Nc3 a6 8. e4 Bg4 9. Be3 Nd7 10. Ne2 e5 11. d5 Ne7 12. h3 Bxf3 13. Bxf3 f5 14. Bg2 fxe4 15. Bxe4 Nf5 16. Qd2 Nc5 17. Bxc5 dxc5 18. Bg2 Qd7 19. Rae1 b5 20. Qc2 Nd6 21. cxb5 axb5 22. a3 c4 23. Nc3 Nf5 24. Qe4 Nd4 25. Rd1 Rae8 26. Qe3 Kh8 27. Ne4 Rd8 28. Nc3 Qd6 29. Qe4 Rfe8 30. Kh1 Rb8 31. Na2 Nb3 32. Qe2 e4 33. Nb4 Nc5 34. Rfe1 h5 35. Qd2 Nd3 36. Rxe4 Rxe4 37. Bxe4 Nxb2 38. Re1 c3 39. Qg5 Re8 40. Kg2 Qf6 41. Qxf6 Bxf6 42. f3 Kg7 43. Kf1 Nc4 44. Nc2 Ra8 45. Ke2 Ra5 46. Rb1 Be7 47. Rb3 Nxa3 48. Rxc3 Ra7 49. Nd4 Bd6 50. f4 Kf7 51. Rb3 Ra5 52. Kd3 Kf6 53. Ne2 Bc5 54. g4 hxg4 55. hxg4 g5 56. fxg5+ Kxg5 57. Bf5 Nc4 58. Nc3 Ne5+ 59. Ke2 Nc4 1/2-1/2